00670cam a2200229Ia 4500020001700000020001800017020002300035020002400058040000800082082002600090245010500116250001100221260003100232300003400263500001900297650002100316650002000337700002100357700001900378700001800397710002500415 a0393025152 : a9780393025156 a039330440X (pbk) : a9780393304404 (pbk) cYOM04a338 NOR 1988 A014 Or.00aState of the world, 1988 :ba Worldwatch Institute report on progress toward a sustainable society / a1st ed aNew York :bNorton,cc1988 axvii, 237 p. :bill. ;c24 cm aIncludes index 0aEconomic history 0aEconomic policy1 aBrown, Lester R.1 aWolf, Edward C1 aStarke, Linda2 aWorldwatch Institute